| 000 | 01219cam a22002174a 4500 | ||
|---|---|---|---|
| 005 | 20250605164242.0 | ||
| 008 | 250528s ||||||||||||||||||||||||d | ||
| 035 | _a21365 | ||
| 020 | _a9780091884307 | ||
| 040 |
_aGR-AtMCL _bgre _dGR-AtMCL _eAACR2 |
||
| 245 | 1 | _aThe Down's Syndrome Handbook / A Practical Guide for Parents and Carers | |
| 250 | _aRevised | ||
| 260 | _c2004 | ||
| 300 | _a166 | ||
| 520 | _aThis book goes beyond the average introduction to Down's syndrome and addresses the questions, practical or otherwise, that parents will often find themselves asking, offering information and advice on a wide variety of issues. Acknowledgements, Preface, Introduction, What is Down's Syndrome, Incidence and Risk of Recurrence and Antenatal Diagnosis, Hearing the News, Help with the Baby, Medical Aspects of Down's Syndrome, Going to School, Progress at School, Growing Up and Adult Life, Hopes and Fears, Growing Up with Down's Syndrome in the 21st Century, Glossary, About the Down's Syndrome Association and Its Mission, Useful Addresses, Websites, Further Reading, Index. | ||
| 700 | 1 |
_aNewton Richard _97419 |
|
| 700 | 1 |
_aVermilion _9564 |
|
| 942 | _cBK | ||
| 999 |
_c6429 _d6429 |
||